| 000 | 00631nam a2200241Ia 4500 | ||
|---|---|---|---|
| 003 | OSt | ||
| 005 | 20221005124628.0 | ||
| 006 | a|||||r|||| 00| 0 | ||
| 007 | ta | ||
| 008 | 221004b |||||||| |||| 00| 0 ben d | ||
| 020 | _c500 | ||
| 024 | _a120904 | ||
| 037 |
_b19, 14/03/2009, Mukta Dhara _cTextual |
||
| 040 |
_aCRL _cCRL _bben |
||
| 041 |
_2ben _aben |
||
| 082 | _aY1527, 157P8 | ||
| 100 |
_aPulak Chanda Ed. _9635544 |
||
| 245 | 0 | _aNaribiswa | |
| 260 | _c2008 | ||
| 650 | _aSOCIOLOGY | ||
| 942 |
_hY1527, 157P8 _cTEXL _2cc |
||
| 999 |
_c1051064 _d1051064 |
||